Testament /

Uložené v:
Podrobná bibliografia
Hlavný autor: Tibitanzl, Jiří (Composer)
Ďalší autori: Viktorin, Martin (Compiler), Fischer, Otokar (Translator), Loukotková, Jarmila, 1923-2007 (Translator)
Médium: Kniha
Jazyk:Czech
Vydané: Praha : Dilia, 1976.
Vydanie:1. vyd.
ISBN: (brož.)
Fyzický popis: 55 s. : 11 s. notových príl.
Tagy: Pridať tag
Žiadne tagy, Buďte prvý kto otaguje tento záznam!

MARC

LEADER 00000nam a2200000 a 4500
001 000213607
005 20100901204231.0
008 040101s1976 xr e cze d
020 |a (brož.)  |c Kčs 10,00 
040 |a SVKKK  |b slo  |c SVKKK  |e AACR2 
041 0 |a cze 
044 |a xr  |c CZ 
245 0 0 |a Testament /  |c s použitím balad Françoise Villona sest. Martin Viktorin ; Balady v překladu [z franc.] Otokara Fischera a Jarmily Loukotkové zhudebnil Jiří Tibitanzl. 
250 |a 1. vyd. 
260 |a Praha :  |b Dilia,  |c 1976. 
300 |a 55 s. :  |b 11 s. notových príl. 
500 |a Obálka: Josef Vršťala 
700 1 |a Viktorin, Martin  |4 com 
700 1 |a Villon, François,  |d ca 1429-ca 1463  |4 oth 
700 1 |a Fischer, Otokar  |4 trl 
700 1 |a Loukotková, Jarmila,  |d 1923-2007  |4 trl 
700 1 |a Tibitanzl, Jiří  |4 cmp 
910 |a svkkk 
998 |a BK 
090 |g SCKHL  |k Sklad Pribinova 3. posch.  |a V.97767  |j 547534  |i 2721177096  |s Absenčne